MARC

LEADER 00000nam0a2200000 4500
001 12994
005 20231030184721.0
010 |a 5751111036 
035 |a (RuTPU)RU\TPU\book\13075 
035 |a BOOK00013143 
090 |a 12994 
100 |a 20011209d1999 m y0rusy50 ca 
101 0 |a rus 
102 |a RU 
105 |a y z 000ay 
200 1 |a Мой Томск  |f С. В. Привалихина 
210 |a Томск  |c Изд-во ТГУ  |d 1999 
215 |a 187 с. 
610 1 |a история 
610 1 |a Сибирь 
610 1 |a Западная Сибирь 
610 1 |a Томск 
686 |a Т3(2Р53)  |v LBC/SL-A  |2 rubbk 
686 |a Ч611.68  |v LBC/SL-A  |2 rubbk 
700 1 |a Привалихина  |b С. В.  |g София Валерьевна 
801 0 |a RU  |b 63413507  |c 20011209  |g PSBO 
801 2 |a RU  |b 63413507  |c 20111206  |g PSBO 
942 |c BK